01126nam a2200241Ia 4500001000600000003000900006008004100015040001300056040001300069041001300082100001900095100002900114245003400143245004600177250001100223260002800234260001500262260004900277300005700326500043800383650003200821650003100853E2444IT-RoPAU130308s9999 xx 000 0 und d aIT-RoPAU cIT-RoPAU aFRANCESE aQueau Philippe gCodice Aut. SPICS: 17382 aVirtuel (Le): un etat du reel bVirtualite' et Realite' Dans Les Sciences a1a ed. aGIF SUR YVETTE (FRANCE) bFrontieres c1995 [1° Ed.:1995 - Ed.Ling.Originale:1995] a"33 p. (prefazione: no ; testo: 33 [pagine: 61-93])" aVirtuale Uno Stato del Reale. virtuale Fa parte del Reale. virtuale è un Sistema di Rappresentazione. potenza della rappresentazione virtuale e Suoilimiti. Varietà del Virtuale. Tassonomia del Virtuale. Ibridazione e Confusione degli spazi Virtuali. Verità del Virtuale. Schizofrenia. Morte delle Illusioni. immagini per Agire. paesaggi D'Informazione. rappresentazione e Presenza. Incidente prova del Reale. virtuale Surreale. aSAGGI SULLA MULTIMEDIALITA' eCodice materia Spics: 4257